| 000 | 00491nam a22001817a 4500 | ||
|---|---|---|---|
| 005 | 20250815115813.0 | ||
| 008 | 120705b xxu||||| |||| 00| 0 eng d | ||
| 020 | _a97804950977914 | ||
| 050 | _aBF 698 .B84 2008 | ||
| 100 | _aBurger, Jerry M. | ||
| 245 | _aPersonality | ||
| 250 | _a7th ed. | ||
| 260 |
_aAustralia: _bWadsworth,Cengage learning; _c2008 |
||
| 300 | _aXvi,558p. | ||
| 500 | _aincludes bibliographical references and index | ||
| 650 | _aPersonality. | ||
| 942 |
_2lcc _cBK |
||
| 999 |
_c40996 _d40996 |
||